|
|
|
|
| LEADER |
00000naa0a2200000 4500 |
| 001 |
599192 |
| 005 |
20250418121338.0 |
| 035 |
|
|
|a (RuTPU)RU\TPU\tpu\23075
|
| 090 |
|
|
|a 599192
|
| 100 |
|
|
|a 20130416d1977 k y0rusy50 ca
|
| 101 |
0 |
|
|a rus
|
| 102 |
|
|
|a RU
|
| 200 |
1 |
|
|a Дерево целей и его использование в системе управления вузом
|f Б. Л. Агранович [и др.]
|
| 333 |
|
|
|a В фонде НТБ ТПУ отсутствует
|
| 463 |
|
|
|t Применение системного анализа на разных уровнях управления в высшей школе
|o обзорная информация
|v С. 18-35
|d 1977
|
| 610 |
1 |
|
|a труды учёных ТПУ
|
| 701 |
|
1 |
|a Агранович
|b Б. Л.
|c специалист в области радиотехники
|c профессор Томского политехнического университета, кандидат технических наук
|f 1938-2014
|g Борис Львович
|3 (RuTPU)RU\TPU\pers\22706
|9 9739
|
| 701 |
|
1 |
|a Кабанов
|b В. И.
|
| 701 |
|
1 |
|a Силич
|b В. А.
|c радиофизик
|c профессор Томского политехнического университета, доктор технических наук
|f 1946-
|g Виктор Алексеевич
|3 (RuTPU)RU\TPU\pers\18593
|
| 701 |
|
1 |
|a Чучалин
|b И. П.
|c российский ученый
|c физик
|c ректор Томского института автоматизированных систем управления и радиоэлектроники (ТИАСУР) с 1972 по 1981 гг.
|c ректор Томского политехнического института (ТПИ) с 1981 по 1990 гг.
|c выпускник ФТФ ТПИ 1951 г.
|f 1925-
|g Иван Петрович
|3 (RuTPU)RU\TPU\pers\11823
|
| 801 |
|
1 |
|a RU
|b 63413507
|c 20130416
|
| 801 |
|
2 |
|a RU
|b 63413507
|c 20130416
|g RCR
|
| 850 |
|
|
|a 63413507
|
| 942 |
|
|
|c BK
|